Presidents Who Lost the Popular Vote - Statistics

General Stats
  • This quiz has been taken 54 times
  • The average score is 4 of 5
Answer Stats
President % Correct
Donald Trump
100%
George W. Bush
96%
John Quincy Adams
60%
Rutherford B. Hayes
54%
Benjamin Harrison
44%
No matching quizzes found
Score Distribution
Percent of People with Each Score
Percentile by Number Answered
Your Score History
You have not taken this quiz